000
00312nam a2200133Ia 4500
008
240624s9999 xx 000 0 und d
041
_a
eng
082
_a
823 POC
100
_a
POCOCKE E
245
_a
INDIA IN GREECE
260
_c
2015
_a
New Delhi
_b
Rupa
300
_a
x, : 567 : p. : cm. ; 17
365
_c
RS
_b
30
999
_c
26832
_d
26832